Normal view
MARC view
Entry Topical Term
001 - CONTROL NUMBER
- control field: 535
003 - CONTROL NUMBER IDENTIFIER
- control field: BD-RjUL
005 - DATE AND TIME OF LATEST TRANSACTION
- control field: 20220105133743.0
008 - FIXED-LENGTH DATA ELEMENTS
- fixed length control field: 220105|| aca||aabn | a|a d
040 ## - CATALOGING SOURCE
- Original cataloging agency: BD-RjUL
- Transcribing agency: BD-RjUL
150 ## - HEADING--TOPICAL TERM
- Topical term or geographic name entry element: Labor supply
- Geographic subdivision: India
670 ## - SOURCE DATA FOUND
- Source citation: Work cat.: (BD-RjUL)2846: Das, Nabagopal, 1910- 9131, Unemployment, full employment, and India /, c1960